[Event "Turkish Super League 2019"]
[Site "Konya"]
[Date "2019.07.25"]
[Round "9"]
[White "Saric, Ivan"]
[Black "Rakhmanov, Aleksandr"]
[Result "1-0"]
[WhiteElo "2681"]
[BlackElo "2615"]
[Annotator "TA"]
[PlyCount "101"]
[EventDate "2019.07.17"]
[EventType "team-tourn"]
[EventCountry "TUR"]
[SourceTitle "playchess.com"]
[Source "ChessBase"]
[SourceQuality "1"]

{[%evp 10,101,38,27,45,40,51,20,31,27,21,18,15,16,28,8,14,14,14,27,17,13,19,0,27,26,28,28,28,28,29,24,24,20,20,20,20,20,7,0,31,20,29,29,14,22,63,40,40,40,42,45,47,0,35,0,35,0,0,0,0,0,0,0,0,0,0,0,0,0,0,0,0,0,0,0,29972,29973,29973,29974,29971,29975,29975,29976,29976,29977,29976,29977,29986,29987,29987,29988,29997,29998]} 1. e4 e5 2. Nf3 Nf6 3. Nxe5 d6 4. Nf3 Nxe4 5. d4 d5 6. Bd3 Bf5 $146 {C42: Petroff Defence: 3 Nxe5 and unusual White 3rd moves} (6... Bd6 7. O-O O-O 8. c4 c6 9. Re1 Bf5 10. Qb3 Qd7 11. Nc3 Nxc3 12. Bxf5 Qxf5 13. bxc3 b6 14. Bg5 dxc4 15. Qxc4 b5 16. Qb3 Nd7 17. Be7 Bxe7 18. Rxe7 {½-½ (30) Naiditsch,A (2695)-Wang,H (2726) China 2019}) 7. O-O Be7 8. Ne5 Nd7 {The position is equal.} 9. Nc3 Nxc3 10. bxc3 Bxd3 11. cxd3 O-O 12. Qb3 Nxe5 13. dxe5 Qd7 14. d4 b6 15. f4 f6 16. Ba3 {Strongly threatening Bxe7.} Bxa3 17. Qxa3 fxe5 18. fxe5 a5 19. h3 Qe6 20. Qb2 Rxf1+ 21. Rxf1 Rf8 22. Rxf8+ Kxf8 $11 {[%mdl 4096] Endgame KQ-KQ} 23. Qf2+ Ke8 24. Qg3 Kf7 25. Qh4 h6 26. Qd8 c5 27. Qc7+ Kg8 28. a4 cxd4 29. cxd4 Kf8 30. Kh2 Kg8 31. g4 g5 32. Kg3 Qf7 33. Qc8+ Kg7 34. Qf5 Qc7 35. Qf6+ Kh7 36. Qf5+ Kg7 37. Kg2 Qc4 38. Qf6+ Kh7 39. Qf7+ Kh8 40. Qf2 Qxa4 41. e6 {And now e7 would win.} Qe8 42. Qf6+ Kh7 $2 {[%mdl 8192]} (42... Kg8 $11) 43. e7 $1 {White mates.} Kg8 44. Qe6+ Kg7 {[#]} 45. h4 $1 {[%cal Rh4h5]} gxh4 46. Kh3 a4 47. Kxh4 a3 {[#]} 48. g5 $1 a2 49. gxh6+ Kh7 50. Qf6 {[%csl Gh6][%cal Rf6g7]} Qg8 51. e8=Q {Accuracy: White = 67%, Black = 76%.} 1-0

[Event "Turkish Super League 2019"]
[Site "Konya"]
[Date "2019.07.25"]
[Round "9"]
[White "Kuzubov, Yuriy"]
[Black "Iljiushenok, Ilia"]
[Result "1/2-1/2"]
[WhiteElo "2671"]
[BlackElo "2520"]
[Annotator "TA"]
[PlyCount "155"]
[EventDate "2019.07.17"]
[EventType "team-tourn"]
[EventCountry "TUR"]
[SourceTitle "playchess.com"]
[Source "ChessBase"]
[SourceQuality "1"]

{[%evp 12,155,19,8,9,29,41,15,109,111,112,88,100,105,104,99,93,83,75,81,93,89,138,45,76,17,22,0,7,0,0,0,0,0,0,10,13,0,0,-2,0,0,0,0,0,0,0,0,0,0,0,0,0,-8,0,-8,-8,-8,-4,-8,-8,-8,-8,-8,-8,-10,0,-8,-8,-8,-7,-8,-8,-14,-14,-16,-14,-31,-14,-14,-14,-18,-14,-19,-19,-21,-21,-26,-21,-27,-20,-27,-26,-27,-27,-27,-27,-27,-27,-27,-14,-27,-27,-27,-14,-21,-8,-21,-14,-21,-21,-21,-21,-21,-21,-27,-27,-34,-34,-34,-34,-34,-34,-34,0,-34,-21,-34,0,-34,0,-21,-19,-34,-21,-21,-21,-33,-21,-27,-17,-21,-18,-19,0,-26]} 1. Nf3 Nf6 2. g3 g6 3. d4 Bg7 4. Bg2 O-O 5. O-O d6 6. Re1 c5 7. d5 e6 {A43: Schmid Benoni} (7... b5 8. e4 Bb7 9. a4 b4 10. c4 bxc3 11. Nxc3 Na6 12. Bf4 Nb4 13. Qd2 Ba6 14. e5 Ng4 15. Nb5 dxe5 16. Nxe5 Nxe5 17. Bxe5 Bxe5 18. Rxe5 Bxb5 19. axb5 {0-1 (40) Epishin,V (2607)-Leon Hoyos,M (2556) Fermo 2010}) 8. dxe6 fxe6 9. e4 d5 $146 (9... Nc6 $11 {remains equal.}) ({Predecessor:} 9... Nc6 10. Nc3 e5 11. Bg5 h6 12. Bxf6 Qxf6 13. Nd5 Qf7 14. c3 Bg4 15. Re3 {½-½ (28) Petrisor,A (2419)-Van Dael,S (2231) Germany 2019}) 10. exd5 $16 exd5 11. Bg5 d4 12. Nbd2 h6 13. Bxf6 Qxf6 14. Ne4 Qb6 15. Qd3 Na6 16. a3 Bd7 {[#]} 17. Nfd2 ({Better is} 17. Ned2 $1 $16) 17... Qc7 18. Nc4 ({White should try} 18. f4 $16) 18... b5 $11 19. Ned6 bxc4 20. Qxg6 {White wants to mate with Re7!} Rf6 $1 {[%cal Rf6g6][%mdl 64] Double Attack} 21. Bd5+ {[%mdl 64] Double Attack} Kh8 22. Nf7+ {[#]} Rxf7 $1 23. Bxf7 {Bd5 is the strong threat.} Qb6 $1 24. Qxb6 axb6 {[%cal Ba7b6,Bb6b5][%mdl 32]} 25. Bxc4 {With the idea Re7.} b5 26. Re7 bxc4 27. Rxd7 Nb4 28. Rc1 d3 29. cxd3 Nxd3 {[%mdl 64] Double Attack} 30. Rxc4 Ne5 {[%mdl 64] Double Attack} 31. Rxg7 $1 Nxc4 {[%mdl 4096] Endgame KRN-KR} 32. Rb7 Rd8 33. Rc7 Nxb2 34. Rxc5 Rd2 35. h4 Nd1 36. Rf5 Ra2 37. Rf3 Kg7 38. Kf1 Nb2 39. Rb3 Nc4 {And now ...Nd2+ would win.} 40. Rb7+ Kg6 41. Rb4 Ne5 42. Re4 Nd3 43. Re2 Rxa3 44. Kg2 Ra4 45. Re6+ Kg7 46. Re7+ Kf6 47. Rd7 Ne5 48. Rd6+ Kg7 49. Re6 Ng4 50. Re2 Kf6 51. Rb2 Ra5 52. Rb4 h5 53. Rb2 Kf5 54. Re2 Ra3 55. Rb2 Ne5 56. Re2 Ra1 57. Rd2 Rb1 58. Ra2 Rd1 59. Re2 Nd3 60. Re8 Rd2 61. Rf8+ Kg6 62. Kf1 Ra2 63. Kg1 Ne5 64. Rf4 Ng4 65. Rf3 Rb2 66. Rf4 Rb3 67. Kg2 Rb2 68. Kg1 Ne5 69. Kf1 Ra2 70. Kg1 Nd3 71. Rf8 Rb2 72. Kf1 Rc2 73. Kg1 Ra2 74. Kf1 Rb2 75. Kg1 Rb1+ 76. Kg2 {The position is equal.} Ne1+ 77. Kf1 Nd3+ 78. Kg2 {Accuracy: White = 65%, Black = 51%.} 1/2-1/2

[Event "Turkish Super League 2019"]
[Site "Konya"]
[Date "2019.07.25"]
[Round "9"]
[White "Sarana, Alexey"]
[Black "Esipenko, Andrey"]
[Result "1/2-1/2"]
[WhiteElo "2640"]
[BlackElo "2621"]
[Annotator "TA"]
[PlyCount "61"]
[EventDate "2019.07.17"]
[EventType "team-tourn"]
[EventCountry "TUR"]
[SourceTitle "playchess.com"]
[Source "ChessBase"]
[SourceQuality "1"]

{[%evp 19,61,7,19,9,29,0,23,0,5,0,0,0,0,0,0,0,8,9,0,2,4,8,6,0,0,0,-2,-14,0,-10,0,0,0,0,4,2,12,0,0,0,0,0,0,0]} 1. d4 Nf6 2. c4 (2. Nf3 e6 {½-½ (10) Ikonnikov,V (2546)-Mareco,S (2643) Vlissingen 2018}) 2... e6 3. Nf3 d5 4. Nc3 dxc4 5. e3 a6 6. a4 c5 7. Bxc4 Nc6 8. O-O Be7 9. dxc5 Qxd1 10. Rxd1 Bxc5 11. Nd2 {D27: Queen's Gambit Accepted: Classical main line: 7 e4!? and 7 a4} O-O 12. Nb3 (12. Nde4 $5 {[%cal Re4c5]} Be7 13. Nxf6+ Bxf6 14. Ne4 $14) 12... Bb4 13. f3 {White has an edge.} Rd8 $146 {The position is equal.} ({Predecessor:} 13... Bd7 14. Bd2 Rac8 15. Be2 Rfd8 16. Be1 h6 17. e4 Be8 18. Rxd8 Rxd8 19. Bf2 Na5 {½-½ (19) Duong,T (2287)-Bjornsson,T (2213) Budapest 2006}) 14. Rxd8+ Nxd8 15. e4 Bd7 16. Bf1 Rc8 17. Bd2 Nc6 18. Nd1 Bxd2 19. Nxd2 Kf8 20. Nc4 Ke7 21. Nc3 Be8 22. Rd1 Nd7 23. Kf2 Nc5 24. Be2 Rd8 25. Ke3 Rxd1 26. Bxd1 f6 27. f4 h6 28. e5 fxe5 29. Nxe5 Nxe5 30. fxe5 a5 31. Kd4 {Accuracy: White = 34%, Black = 58%.} 1/2-1/2

[Event "Turkish Super League 2019"]
[Site "Konya"]
[Date "2019.07.25"]
[Round "9"]
[White "Durarbayli, Vasif"]
[Black "Abasov, Nijat"]
[Result "1/2-1/2"]
[WhiteElo "2637"]
[BlackElo "2641"]
[Annotator "TA"]
[PlyCount "52"]
[EventDate "2019.07.17"]
[EventType "team-tourn"]
[EventCountry "TUR"]
[SourceTitle "playchess.com"]
[Source "ChessBase"]
[SourceQuality "1"]

{[%evp 9,52,9,15,0,8,10,12,-4,0,-5,0,0,0,0,0,0,0,0,0,0,0,0,0,0,25,21,21,14,12,0,0,0,0,0,0,0,0,0,0,0,0,0,0,0,0]} 1. b3 b6 2. Bb2 Bb7 3. Nf3 Nf6 4. e3 e6 5. c4 d5 6. Nc3 {A13: English Opening: 1...e6} (6. cxd5 exd5 7. g3 Nbd7 8. Bg2 Ba6 9. Bf1 Bb7 10. Bg2 Ba6 11. Bf1 {½-½ (11) Duda,J (2738)-Wang,H (2730) St Petersburg 2018}) 6... Nbd7 7. d4 Ne4 8. Bd3 Bb4 9. Rc1 {[%cal Ba1c1,Bc1c3,Bc3c4,Bc4d4][%mdl 32]} Bxc3+ $146 (9... dxc4 {seems wilder.} 10. Bxe4 Bxe4 11. bxc4 O-O 12. O-O Bb7) ({Predecessor:} 9... O-O 10. O-O Nxc3 11. Bxc3 Bxc3 12. Rxc3 c5 13. Qc2 dxc4 14. Bxh7+ {½-½ (28) Borocz,I (2420)-Horvath,P (2415) Hungary 1997}) 10. Bxc3 Nxc3 11. Rxc3 dxc4 12. Rxc4 c5 13. dxc5 Nxc5 14. Rd4 Qc7 15. Bb5+ Ke7 16. O-O Rad8 17. Qc2 Bxf3 {The position is equal.} 18. gxf3 Qb7 19. b4 Rxd4 20. exd4 Qxf3 21. dxc5 {Be2 is the strong threat.} Qg4+ {[%mdl 64] [#] Double Attack} 22. Kh1 {Threatens to win with f4.} Qf3+ 23. Kg1 {aiming for Be2.} Qg4+ {[%mdl 64] Double Attack} 24. Kh1 Qf3+ 25. Kg1 {And now Be2 would win.} Qg4+ {[%mdl 64] [#] Double Attack} 26. Kh1 {Black must now prevent f4.} Qf3+ {Accuracy: White = 61%, Black = 79%.} 1/2-1/2

[Event "Turkish Super League 2019"]
[Site "Konya"]
[Date "2019.07.25"]
[Round "9"]
[White "Yilmaz, Mustafa"]
[Black "Heberla, Bartlomiej"]
[Result "1-0"]
[WhiteElo "2618"]
[BlackElo "2534"]
[Annotator "TA"]
[PlyCount "61"]
[EventDate "2019.07.17"]
[EventType "team-tourn"]
[EventCountry "TUR"]
[SourceTitle "playchess.com"]
[Source "ChessBase"]
[SourceQuality "1"]

{[%evp 9,61,29,19,18,17,16,16,16,18,21,20,23,20,8,6,10,15,8,17,32,49,49,60,49,47,44,55,50,50,34,48,34,57,44,64,67,162,158,143,160,179,171,277,273,264,272,292,309,377,390,406,408,498,496]} 1. d4 d5 2. c4 e6 3. Nc3 a6 4. cxd5 exd5 5. Qb3 (5. Nf3 h6 6. Bf4 Nf6 7. e3 Bd6 8. Bxd6 Qxd6 9. Qc2 O-O 10. Bd3 Re8 11. h3 Be6 12. O-O Nbd7 13. a4 {½-½ (40) Shankland,S (2725)-Carlsen,M (2835) Wijk aan Zee 2019}) 5... c5 6. Nxd5 {D31: Queen's Gambit Declined: Semi-Slav without ...Nf6 (+ Marshall Gambit and Noteboom) and Exchange Variation lines without ...Nf6} Nc6 7. Nf3 cxd4 {[#] ...Be6 is the strong threat.} 8. e4 {The position is equal.} dxe3 9. Qxe3+ Be6 10. Nf4 Bb4+ 11. Nd2 $146 ({Predecessor:} 11. Bd2 Bxd2+ 12. Nxd2 Qd4 13. Nxe6 Qxe3+ 14. fxe3 fxe6 {½-½ (24) Martinovic,S (2564)-Nisipeanu,L (2673) Austria 2017}) 11... Qd4 $132 {[%mdl 2048] Black puts up resistance} (11... Nd4 $5 12. Bd3 $8 Nf6 $11) 12. Nxe6 fxe6 13. a3 Qxe3+ 14. fxe3 Bxd2+ 15. Bxd2 Rc8 16. Bc4 Ke7 17. Ke2 Nf6 18. Rac1 Rhd8 19. Rhd1 Rd7 20. Ba2 Rdc7 21. Bb1 Kf7 22. Rf1 Ne5 (22... Kg8 $14) 23. Rxc7+ $18 Rxc7 24. Bxh7 $1 g6 {[#]} 25. Bg8+ $1 {[%mdl 64] Pin} Kg7 (25... Kxg8 $142 26. Rxf6 Rc2) 26. Bxe6 Rc2 27. Kd1 Rc6 28. Bb3 Rd6 {Strongly threatening ...Ne4.} 29. Ke2 Ne4 30. Bb4 Rb6 31. Rf4 {Accuracy: White = 81%, Black = 33%.} 1-0

[Event "Turkish Super League 2019"]
[Site "Konya"]
[Date "2019.07.25"]
[Round "9"]
[White "Can, Emre"]
[Black "Mamedov, Rauf"]
[Result "1-0"]
[WhiteElo "2595"]
[BlackElo "2650"]
[Annotator "TA"]
[PlyCount "96"]
[EventDate "2019.07.17"]
[EventType "team-tourn"]
[EventCountry "TUR"]
[SourceTitle "playchess.com"]
[Source "ChessBase"]
[SourceQuality "1"]

{[%evp 13,96,37,41,31,46,45,33,43,82,85,88,85,80,85,116,107,150,150,153,158,147,142,135,128,171,122,131,117,124,117,116,106,134,120,141,142,162,159,169,168,171,160,175,172,158,158,158,80,85,61,65,36,56,57,46,44,51,47,55,47,52,53,680,602,2064,1981,618,1720,2070,1750,1832,1739,1552,1434,2378,2111,2269,1965,2287,2224,2025,1967,5117,4565,2221]} 1. d4 d5 2. c4 e6 3. Nf3 Nf6 4. g3 c5 5. cxd5 exd5 6. Bg2 c4 7. O-O Nc6 8. Ne5 {D30: Queen's Gambit Declined: Systems without Nc3} (8. b3 cxb3 9. Qxb3 Be7 10. Bg5 O-O 11. Nc3 Na5 12. Qc2 Be6 13. Rfc1 Rc8 14. Qd3 h6 15. Bxf6 Bxf6 16. Nd2 Qd7 17. Nb3 Nxb3 18. axb3 b6 19. e3 {1-0 (44) Schandorff,L (2493)-Kristensen,K (2347) Denmark 2019}) 8... Be7 9. Nxc6 bxc6 10. b3 {White is slightly better.} Ba6 $146 ({Predecessor:} 10... cxb3 11. axb3 O-O 12. Nc3 Bf5 13. Ba3 Re8 14. e3 Qd7 15. Bxe7 Rxe7 {1-0 (34) Ciorgovean,I (2211)-Olinici,E (1964) Calimanesti 2018}) 11. bxc4 Bxc4 12. Na3 Ba6 13. Qa4 $36 {[%mdl 2048] Keeping Black busy.} Bb7 14. Rb1 Qd7 {[#]} 15. Nc4 $1 {[%mdl 512]} O-O (15... dxc4 16. Rxb7) 16. Ne5 Qc7 17. Bf4 Bd6 18. Rfc1 Rfc8 19. Nd3 {aiming for Bxd6.} Bxf4 20. Nxf4 Qe7 21. Nd3 Rc7 22. e3 h5 23. Qb4 Qe8 24. Rb3 h4 25. Qd6 Re7 26. Rcb1 Rd8 27. Qf4 Bc8 28. Qxh4 Ne4 29. Rb8 f6 {[#] And now ...g5 would win.} 30. Nc5 (30. Qf4 $142 $1) 30... Nxc5 $16 31. dxc5 d4 32. exd4 {Hoping for Rf1.} g5 $1 33. Qh6 Bf5 34. Qxf6 {[%mdl 64] Double Attack} Rxb8 35. Qxg5+ Kh8 $1 36. Rxb8 Re1+ 37. Bf1 Rxf1+ $2 {[%mdl 8192]} (37... Qxb8 $14 38. Qxf5 Qb5 39. Qh3+ Kg7) 38. Kxf1 $14 {[%mdl 4096] Endgame KQR-KQB. White is clearly winning.} Bd3+ 39. Kg2 Qxb8 40. Qe5+ Qxe5 41. dxe5 $18 {KB-KP} Kg7 42. g4 Kf7 43. f4 Ke6 44. h4 Kd5 45. h5 Bh7 46. Kg3 Bg8 47. Kh4 Ke4 48. Kg5 Kd5 {Accuracy: White = 92%, Black = 63%.} 1-0

[Event "Turkish Super League 2019"]
[Site "Konya"]
[Date "2019.07.25"]
[Round "9"]
[White "Rozum, Ivan"]
[Black "Firouzja, Alireza"]
[Result "1/2-1/2"]
[WhiteElo "2583"]
[BlackElo "2685"]
[Annotator "TA"]
[PlyCount "61"]
[EventDate "2019.07.17"]
[EventType "team-tourn"]
[EventCountry "TUR"]
[SourceTitle "playchess.com"]
[Source "ChessBase"]
[SourceQuality "1"]

{[%evp 19,61,12,26,12,12,8,33,37,35,8,19,9,9,7,11,0,0,0,0,0,0,0,59,59,59,59,59,59,59,59,59,59,59,59,59,60,60,62,62,62,62,0,63,0]} 1. Nf3 Nf6 2. c4 e6 3. d4 d5 4. g3 Be7 5. Bg2 O-O 6. O-O dxc4 7. Ne5 Nc6 8. Bxc6 bxc6 9. Nxc6 Qe8 10. Nxe7+ Qxe7 11. Na3 {E05: Open Catalan: 5 Nf3 Be7} Rd8 12. Qc2 c5 $146 ({Predecessor:} 12... Ba6 13. Nxc4 c5 14. dxc5 {½-½ (31) Ipatov,A (2662)-Bruzon Batista,L (2652) Saint Louis 2017}) 13. dxc5 Qxc5 14. Nxc4 Ba6 15. b3 Bxc4 16. Bb2 Rac8 {[#] aiming for ...Bb5.} 17. Bxf6 gxf6 18. Rfc1 {[%cal Rc2c4]} Qe5 19. bxc4 Rd4 20. Rab1 {[%cal Ba1b1,Bb1b5,Bb5a5][%mdl 32]} Qc5 (20... Rdxc4 $11 21. Qxc4 Rxc4 22. Rxc4 Qxe2 {[%mdl 64] Double Attack}) 21. Rb5 $36 {[%mdl 2048] White is more active.} Qxc4 22. Qxc4 Rdxc4 23. Rxc4 Rxc4 {[%mdl 4096] Endgame KR-KR} 24. Ra5 $1 Rc7 25. g4 Kg7 26. Kg2 Rd7 27. Kg3 Rc7 28. e3 Rb7 29. Kf3 Rc7 30. Kg3 Rb7 $1 31. Kf3 {Accuracy: White = 67%, Black = 78%.} (31. f4 $14) 1/2-1/2

[Event "Turkish Super League 2019"]
[Site "Konya"]
[Date "2019.07.25"]
[Round "9"]
[White "Dastan, Muhammed Batuhan"]
[Black "Ivanchuk, Vassily"]
[Result "1/2-1/2"]
[WhiteElo "2565"]
[BlackElo "2684"]
[Annotator "TA"]
[PlyCount "130"]
[EventDate "2019.07.17"]
[EventType "team-tourn"]
[EventCountry "TUR"]
[SourceTitle "playchess.com"]
[Source "ChessBase"]
[SourceQuality "1"]

{[%evp 21,130,22,38,0,0,0,0,0,10,0,0,0,0,0,0,0,0,-4,-6,-6,-4,-13,0,0,0,0,0,0,5,0,0,-9,0,-8,-8,-7,0,-8,-8,-15,-8,-8,-8,-8,-8,-8,-8,-9,-9,-9,-9,-9,-8,-8,-8,-8,-8,-8,-8,-8,-8,-8,-8,-8,-8,-8,-8,-8,0,-88,-8,-8,-8,-8,-8,-8,-8,-8,-8,-8,-8,-8,0,0,0,0,0,-8,-8,-8,-8,-8,-8,-8,-8,-8,-8,-8,-8,-8,-8,-8,-8,-8,-8,-8,-8,-8,-8,-8,-8]} 1. e4 c5 2. Nf3 e6 3. d4 cxd4 4. Nxd4 a6 5. Nc3 Qc7 6. Bd3 Nc6 7. Be3 Nf6 8. O-O b5 9. Nxc6 Qxc6 10. a3 Bb7 11. Qe2 Be7 12. f3 {B48: Sicilian: Taimanov: 5 Nc3 Qc7 6 Be3 a6 without Be2} Qc7 13. Bd4 {[#]} O-O $146 ({Predecessor:} 13... e5 14. Be3 Bc5 15. Kh1 Bxe3 16. Qxe3 {1-0 (46) Zvjaginsev,V (2666)-Shimanov,A (2565) St Petersburg 2011}) 14. e5 Nd5 15. Nxd5 (15. Ne4 {with more complications.} Nf4 16. Qe3 Nxd3 17. cxd3 Bxe4 18. dxe4 Rac8 19. Rfc1) 15... Bxd5 16. a4 Bc4 17. axb5 Bxd3 18. Qxd3 axb5 19. Rxa8 Rxa8 20. Qxb5 Qxc2 21. Bc3 Qa4 (21... d5 {feels hotter.} 22. exd6 Bxd6 23. Re1 h6 24. Kh1 Qf2) 22. Qxa4 Rxa4 $11 {[%mdl 4096] Endgame KRB-KRB} 23. Rd1 Ra7 24. Kf2 f6 25. Ke3 Kf7 26. Kd3 Rb7 27. Kc2 fxe5 28. Bxe5 Bf6 29. Bc3 d5 30. f4 Rc7 31. Kd3 Bxc3 32. bxc3 {KR-KR} Kf6 33. g3 Ra7 34. Rd2 h6 35. Rc2 Ra3 36. Rf2 Kf5 37. Re2 Ra4 38. Re5+ Kf6 39. h4 Ra1 40. Re3 Rc1 41. Kd2 Rg1 42. Ke2 Kf5 43. Kf2 Rc1 44. Kf3 g6 45. Re5+ Kf6 46. Re3 {The position is equal.} Rc2 47. g4 h5 48. gxh5 gxh5 49. Re5 Rxc3+ 50. Ke2 d4 {With the idea ...Rg3.} 51. Kf2 $1 Rc2+ 52. Kf3 Rh2 53. Rxh5 d3 {[#] ( -> ...d2)} 54. Ra5 d2 55. Ra1 Rxh4 56. Rd1 Rh3+ 57. Ke2 Rh2+ (57... Kf5 $5 {[%cal Rf5e4]} 58. Kxd2 Kxf4 $11) 58. Kf3 Kf5 {[#] aiming for ...Rh3+.} 59. Kg3 Re2 60. Kf3 Re4 {Threatens to win with ...Rd4.} 61. Rxd2 Rxf4+ 62. Ke3 Rh4 63. Rf2+ Ke5 64. Rf3 Ra4 {White must now prevent ...Ra3+.} 65. Ke2 Ra2+ {Accuracy: White = 67%, Black = 68%.} 1/2-1/2

[Event "Turkish Super League 2019"]
[Site "Konya"]
[Date "2019.07.25"]
[Round "9"]
[White "Rasulov, Vugar"]
[Black "Romanov, Evgeny"]
[Result "1/2-1/2"]
[WhiteElo "2534"]
[BlackElo "2582"]
[Annotator "ChessBase"]
[PlyCount "75"]
[EventDate "2019.07.17"]
[EventType "team-tourn"]
[EventCountry "TUR"]
[SourceTitle "playchess.com"]
[Source "ChessBase"]
[SourceQuality "1"]
[TimeControl "40/5400+30:1800+30"]

1. e4 e5 2. Nf3 Nc6 3. Bb5 a6 4. Ba4 Nf6 5. O-O Be7 6. d3 d6 7. c3 O-O 8. Nbd2 b5 9. Bc2 Nb8 10. Re1 Re8 11. Nf1 Bf8 12. Ng3 g6 13. d4 Nbd7 14. a4 Bb7 15. Bd3 c6 16. b3 Bg7 17. Bb2 Qc7 18. Qc2 d5 19. dxe5 Nxe4 {[%emt 0:27:30]} 20. axb5 {[%emt 0:24:00]} cxb5 {[%emt 0:00:30]} 21. Nxe4 {[%emt 0:00:30]} dxe4 {[%emt 0:00:30]} 22. Bxe4 {[%emt 0:00:30]} Nxe5 {[%emt 0:01:30]} 23. Bxb7 {[%emt 0:03:30]} Qxb7 {[%emt 0:00:30]} 24. Nxe5 {[%emt 0:00:30]} Rxe5 {[%emt 0:04:30]} 25. Rxe5 {[%emt 0:01:30]} Bxe5 {[%emt 0:00:30]} 26. Re1 {[%emt 0:00:30]} Bg7 {[%emt 0:00:00]} 27. g3 {[%emt 0:01:30]} a5 {[%emt 0:03:00]} 28. Ba1 {[%emt 0:08:30]} a4 {[%emt 0:19:30]} 29. bxa4 {[%emt 0:04:30]} bxa4 {[%emt 0:00:30]} 30. c4 {[%emt 0:00:30]} a3 {[%emt 0:05:30]} 31. c5 {[%emt 0:01:30]} Qc6 {[%emt 0:08:30]} 32. Bxg7 {[%emt 0:05:30]} Kxg7 {[%emt 0:00:30]} 33. Ra1 {[%emt 0:00:30]} Kg8 {[%emt 0:05:30]} 34. Qc3 {[%emt 0:00:30]} a2 {[%emt 0:00:30]} 35. Qc2 {[%emt 0:00:30]} Ra5 {[%emt 0:01:30]} 36. Rxa2 {[%emt 0:00:30]} Rxc5 {[%emt 0:00:30]} 37. Ra8+ {[%emt 0:00:30]} Qxa8 {[%emt 0:00:30]} 38. Qxc5 {[%emt 0:00:30]} 1/2-1/2

[Event "Turkish Super League 2019"]
[Site "Konya"]
[Date "2019.07.25"]
[Round "9"]
[White "Gholami, Aryan"]
[Black "Haznedaroglu, Kivanc"]
[Result "1-0"]
[WhiteElo "2532"]
[BlackElo "2448"]
[Annotator "TA"]
[PlyCount "71"]
[EventDate "2019.07.17"]
[EventType "team-tourn"]
[EventCountry "TUR"]
[SourceTitle "playchess.com"]
[Source "ChessBase"]
[SourceQuality "1"]

{[%evp 9,71,1,15,5,25,16,19,28,31,30,24,3,10,-10,0,-14,-11,0,-14,-15,0,0,0,-10,4,0,64,58,91,76,106,119,111,112,118,79,130,130,312,311,383,369,437,337,474,478,898,889,944,917,904,933,897,897,1311,1231,29981,29982,29982,29983,29982,29983,29983,2480]} 1. Nf3 Nf6 2. d4 e6 3. Bf4 b6 4. e3 Bb7 5. Nbd2 d6 6. h3 {A47: 1 d4 Nf6 2 Nf3 b6: Torre, London and Colle Systems} Nbd7 7. Bh2 g6 8. a4 {[%cal Ba2a4,Ba4a5,Ba5a6][%mdl 32] The position is equal.} Bg7 $146 ({Predecessor:} 8... a6 9. Bd3 Qe7 10. O-O Bg7 11. e4 O-O 12. Re1 e5 13. c3 Rfe8 {½-½ (54) Moreno Trujillo,A (2504)-Aranda Marin,C (2352) Madrid 2016}) 9. a5 O-O 10. a6 Bc6 11. c4 Rc8 12. Be2 Qe7 13. O-O Ba8 14. Nb1 Ne4 15. Nfd2 Nxd2 16. Qxd2 c5 17. Nc3 {aiming for Nb5.} Qg5 ({Better is} 17... Rfd8 $11) 18. d5 $14 Bxc3 19. bxc3 ({Much worse is} 19. Qxc3 $6 exd5 20. cxd5 Nf6 $11) 19... exd5 20. Bf4 ({Worse is} 20. Bxd6 dxc4 21. Bg4 Rfd8 $17) 20... Qe7 21. cxd5 c4 22. f3 f5 ({Black should play} 22... Rfe8) 23. e4 $16 fxe4 $2 (23... Ne5 $16 24. Bg5 Qc7) 24. fxe4 $18 Nf6 25. Rae1 b5 26. Bf3 Rce8 (26... Rcd8 {was called for.} 27. Bg5 Qe5) 27. Qd4 Qc7 (27... g5 $142) 28. e5 dxe5 29. Bxe5 {[%mdl 64] Double Attack} Qf7 30. Be4 Rxe5 31. Qxe5 Qg7 32. Rf2 Nxe4 33. Qe6+ {White mates.} Kh8 34. Rxf8+ Qxf8 35. Rxe4 Qc5+ 36. Rd4 {Accuracy: White = 74%, Black = 32%.} (36. Kh2 $142 Qf8 {[#]} 37. Qd7 $1 {[%mdl 512]} Qb8+ 38. g3 Qg8 39. Re8 $1 {[%mdl 512]} b4 40. Rxg8+ Kxg8 41. d6) 1-0

[Event "Turkish Super League 2019"]
[Site "Konya"]
[Date "2019.07.25"]
[Round "9"]
[White "Ali Marandi, Cemil Can"]
[Black "Gunduz, Umut Erdem"]
[Result "1-0"]
[WhiteElo "2527"]
[BlackElo "2261"]
[Annotator "ChessBase"]
[PlyCount "71"]
[EventDate "2019.07.17"]
[EventType "team-tourn"]
[EventCountry "TUR"]
[SourceTitle "playchess.com"]
[Source "ChessBase"]
[SourceQuality "1"]
[TimeControl "40/5400+30:1800+30"]

1. d4 Nf6 2. Bg5 Ne4 3. h4 d5 4. Nd2 Bf5 5. Nxe4 Bxe4 6. f3 Bf5 7. g4 h6 8. Bf4 Bg6 9. h5 Bh7 10. e3 e6 11. Bd3 Bxd3 12. Qxd3 Nc6 13. O-O-O Bd6 14. Ne2 Bxf4 15. Nxf4 Qd6 16. Kb1 O-O-O 17. Rhg1 {[%emt 0:26:30]} Rhe8 {[%emt 0:35:30]} 18. g5 {[%emt 0:14:30]} e5 {[%emt 0:19:30]} 19. Ne2 {[%emt 0:05:30]} exd4 {[%emt 0:07:30]} 20. exd4 {[%emt 0:01:30]} Qh2 {[%emt 0:08:30]} 21. gxh6 {[%emt 0:04:30]} gxh6 {[%emt 0:02:30]} 22. Ng3 {[%emt 0:03:30]} Rg8 {[%emt 0:01:30]} 23. f4 {[%emt 0:06:30]} Qf2 {[%emt 0:03:30]} 24. c3 {[%emt 0:03:30]} Qxf4 {[%emt 0:11:59]} 25. Qf5+ {[%emt 0:01:30]} Qxf5+ {[%emt 0:00:30]} 26. Nxf5 {[%emt 0:00:00]} Rg5 {[%emt 0:01:08]} 27. Rxg5 {[%emt 0:01:00]} hxg5 {[%emt 0:00:30]} 28. Re1 {[%emt 0:00:00]} Kd7 {[%emt 0:00:56]} 29. c4 {[%emt 0:06:00]} dxc4 {[%emt 0:04:26]} 30. d5 {[%emt 0:00:30]} Nb4 {[%emt 0:00:44]} 31. Re7+ {[%emt 0:00:30]} Kc8 {[%emt 0:00:30]} 32. d6 {[%emt 0:00:30]} cxd6 {[%emt 0:06:04]} 33. h6 {[%emt 0:00:00]} Nc6 {[%emt 0:00:39]} 34. h7 {[%emt 0:00:00]} Rh8 {[%emt 0:00:58]} 35. Nxd6+ {[%emt 0:00:30]} Kd8 {[%emt 0:00:14]} 36. Re8+ {[%emt 0:00:30]} 1-0